المقنع في علوم الحديث / (رقم التسجيلة. 26634)

تفاصيل مارك
000 -الفاتح
عناصر البيانات ثابتة الطول 00934cam a2200193 i 4500
005 - تاريخ ووقت آخر معاملة
حقل ضبط 20251119094221.0
008 - عناصر البيانات ثابتة الطول
عناصر البيانات ثابتة الطول 250721s1992 su gr 000 0 ara d
082 14 - رقم تصنيف ديوي العشري
رقم التصنيف 213
رقم المادة م ل ق
100 1# - مدخل رئيسي – اسم شخصي
الاسم الشخصي إبن الملقن، سراج الدين أبو حفص عمر بن علي بن أحمد الانصاري
تواريخ خاصة بالشخص [ 723 - 804 ] ه،
علاقة الشخص بالعمل/ دوره مؤلف.
245 12 - بيان العنوان
العنوان المقنع في علوم الحديث /
بيان المسؤولية تأليف الامام الحافظ سراج الدين أبو حفص عمر بن علي بن أحمد الانصاري المشهور بابن الملقن ؛ تحقيق دراسة عبدالله يوسف الجديع.
250 ## - بيان الطبعة
بيان الطبعة الطبعة الاولى.
264 31 - بيانات النشر، التوزيع…إلخ
مكان النشر، التوزيع...إلخ الإحساء :
اسم الناشر، الموزع...إلخ دار فواز،
تاريخ النشر، التوزيع...إلخ 1992.
300 ## - الوصف المادي
عدد الوحدات المكونة للوعاء 2 جزء.
650 17 - مدخل إضافي بالموضوع - مصطلح موضوعي
مصطلح موضوعي أو اسم جغرافي كعنصر مدخل الإسلام.
650 17 - مدخل إضافي بالموضوع - مصطلح موضوعي
مصطلح موضوعي أو اسم جغرافي كعنصر مدخل الحديث الشريف.
700 1# - مدخل إضافي - اسم شخصي
الاسم الشخصي الجديع، عبد الله بن يوسف
علاقة الشخص بالعمل/ دوره محقق.
942 ## - بيانات إضافية (كوها)
نوع التنصيف Dewey Decimal Classification
نوع المادة (كوها) مراجع
المقتنيات
حالة السحب حالة الفقدان مصدر التصنيف حالة التلف غير قابل للإعارة المكتبة الرئيسية المكتبة الحالية موقع الرف تاريخ التزويد الرقم المتسلسل Total Checkouts رقم الإستدعاء الباركود تاريخ آخر ظهور تاريخ الفاتورة نوع المادة (كوها)
    Dewey Decimal Classification   Not For Loan المكتبة المركزية المكتبة المركزية مراجع 06/07/2004 176813   م / 213 / م ل ق 176813 28/07/2025 06/07/2004 مراجع
    Dewey Decimal Classification   Not For Loan المكتبة المركزية المكتبة المركزية مراجع 06/07/2004 176814   م / 213 / م ل ق 176814 28/07/2025 06/07/2004 مراجع
Implemented & Customized by: BBB with SCIT (Smart Chains for Information Technology)

Powered by Koha